书目信息 |
| 题名: |
轻叩阅读之门
|
|
| 作者: | 陈凤英 著 | |
| 分册: | ||
| 出版信息: | 上海 上海教育出版社有限公司 2020.5 |
|
| 页数: | 241页 | |
| 开本: | 24cm | |
| 丛书名: | 上海教师教育丛书 | |
| 单 册: | ||
| 中图分类: | G623.232 | |
| 科图分类: | ||
| 主题词: | 小学语文课--阅读教学--教学研究 | |
| 电子资源: | ||
| ISBN: | 978-7-5444-9955-2 | |
| 000 | 01134nam0 2200301 45 | |
| 001 | 012001002276 | |
| 005 | 20140823092947.0 | |
| 010 | @a978-7-5444-9955-2@dCNY56.00 | |
| 100 | @a20200808d2020 em y0chiy0110 ea | |
| 101 | 0 | @achi |
| 102 | @aCN@b310000 | |
| 105 | @ay z 000yy | |
| 106 | @ar | |
| 200 | 1 | @a轻叩阅读之门@Aqing kou yue du zhi men@e小学语文教师阅读教学指要@f陈凤英著 |
| 210 | @a上海@c上海教育出版社有限公司@d2020.5 | |
| 215 | @a241页@d24cm | |
| 225 | 2 | @a上海教师教育丛书@i知会书系 |
| 300 | @a其他题名:小学语文教师阅读教学指要 | |
| 330 | @a本书立足阅读教学的基本要求,以阅读能力的培养为导向,关注阅读方法的掌握和阅读策略的养成,并用认知心理学理论支撑实践研究,用具体的实践案例阐释其对阅读能力形成的促进作用,旨在给学科教师提供学理依据和教学对策,进而提高阅读教学的质效。 | |
| 410 | 0 | @12001 @a上海教师教育丛书 |
| 461 | 0 | @12001 @a上海教师教育丛书 |
| 462 | 0 | @12001 @a知会书系 |
| 517 | 1 | @a小学语文教师阅读教学指要 |
| 606 | 0 | @a小学语文课@x阅读教学@x教学研究 |
| 690 | @aG623.232@v5 | |
| 701 | 0 | @a陈凤英@Achen feng ying@4著 |
| 801 | @aCN@bAHXH@c20210922 | |
| 905 | @b1253913-7@dG623.232@e1726@f5 | |
| 轻叩阅读之门:小学语文教师阅读教学指要/陈凤英著.-上海:上海教育出版社有限公司,2020.5 |
| 241页;24cm.-(上海教师教育丛书.知会书系) |
| 其他题名:小学语文教师阅读教学指要 |
| ISBN 978-7-5444-9955-2:CNY56.00 |
| 本书立足阅读教学的基本要求,以阅读能力的培养为导向,关注阅读方法的掌握和阅读策略的养成,并用认知心理学理论支撑实践研究,用具体的实践案例阐释其对阅读能力形成的促进作用,旨在给学科教师提供学理依据和教学对策,进而提高阅读教学的质效。 |
| ● |
| 相关链接 |
|
|
|
|
正题名:轻叩阅读之门
索取号:G623.232/1726
 
预约/预借
| 序号 | 登录号 | 条形码 | 馆藏地/架位号 | 状态 | 备注 |
| 1 | 1253913 | 212539136 | 第一样本阅览室/ [索取号:G623.232/1726] | 在馆 | |
| 2 | 1253914 | 212539145 | 教育系资料室/ [索取号:G623.232/1726] | 在馆 | |
| 3 | 1253915 | 212539154 | 教育系资料室/ [索取号:G623.232/1726] | 在馆 | |
| 4 | 1253916 | 212539163 | 第四借阅区/ [索取号:G623.232/1726] | 在馆 | |
| 5 | 1253917 | 212539172 | 第四借阅区/ [索取号:G623.232/1726] | 在馆 |